| 000 | 00663nam a22002057a 4500 | ||
|---|---|---|---|
| 999 |
_c11033 _d11033 |
||
| 003 | AR-CdUCM | ||
| 008 | 190329b ||||| |||| 00| 0 spa d | ||
| 040 |
_aMUNICIPALIDAD PROVINCIAL DEL CUSCO _cBIBLIOTECA MUNICIPAL DEL CUSCO |
||
| 082 |
_aES / 800 / _bC94 _22ed. |
||
| 100 |
_aCunha, Euclides da _928151 |
||
| 245 | _aLos Sertones / | ||
| 260 |
_aBuenos Aires , _bAtlantida, _c1957. |
||
| 300 |
_a124 páginas ; _c17 cm. _bIlustraciones |
||
| 440 |
_aBiblioteca Billiken _nColección Azul _928152 |
||
| 505 | _aContenido: Novela | ||
| 650 |
_aLiteratura. _983 |
||
| 700 |
_aPérez Mariluz, Enrique (versión) _928153 |
||
| 942 |
_2ddc _cLIBROS |
||
| 945 | _anom | ||